2003 yılı genel ve katma bütçe kanun tasarıları ve ekli cetveller (Record no. 4536)

MARC details
000 -BAŞLIK
Sabit Uzunlukta Kontrol Alanı 00551na a2200193 4500
001 - KONTROL NUMARASI
Denetim Alanı 21662
003 - KONTROL NUMARASI IDENTIFIER
Denetim Alanı MIRAKIL
005 - SON İŞLEM TARİHİ VE ZAMANI
Denetim Alanı 20181213155009.0
008 - SABİT-BOY VERİ ELEMANLARI - GENEL BİLGİLER
Sabit Uzunlukta Kontrol Alanı 170206b tu 000 0
040 ## - KATALOGLAMA KAYNAK
Orijinal Kataloglama Ajansı Milas
Kataloglama Dili tur
Metne Dönüştürmek Ajansı TR-AnCHP
041 ## - DİL KODU
Metin / Ses Parça Veya Ayrı Başlığın Dil Kodu tur
082 ## - DEWEY ONLU SINIFLANDIRMA NUMARASI
Sınıflandırma Numarası 351.7223
Ürün Numarası M36i 2003
090 ## - SINIFLAMA NUMARASI
Sınıflama Numarası 351.7223 M36 2003
245 ## - BAŞLIK TABLOSU
Başlık 2003 yılı genel ve katma bütçe kanun tasarıları ve ekli cetveller
260 ## - YAYIN, DAĞITIM, VB
Yayın, Dağıtım, Vb Yeri Ankara
Yayıncı, Dağıtıcı, Vs Adı [yayl. y.]
Yayın, Dağıtım, Vb Tarihi 2003
300 ## - FİZİKSEL TANIM
Kapsam 271 s.
Diğer Fiziksel Ayrıntıları tbl.
Boyutlar 20 sm.
610 ## - KONU KATMA GİRİŞ - TOPLANTI ADI
Giriş Elemanı Olarak Kurumsal Ad Veya Yargı Alanı Adı Merkezi yönetim
Genel Alt Bölüm Bütçe tasarısı
Kronolojik Alt Bölüm 2003
942 ## - EKLENDİ GİRİŞ ELEMANLARI (KOHA)
Sınıflandırma Veya Raf Düzeni Kaynak Dewey Decimal Classification
Koha Öğesi Türü Books
999 ## - SİSTEM KONTROL NUMARALARI (KOHA)
Koha Biblionumber 4536
Koha Biblioitemnumber 4536

No items available.